000 00407nam a2200169 a 4500
001 13233
003 CO-ViMGA
008 141112s2004 ck r 000 u spa d
040 _aCO-ViMGA
_bspa
_cCO-ViMGA
082 0 4 _aPe861 D466p
100 1 _aDi Paola, Rossella
_919401
245 1 0 _aPrueba de galeria
260 _aLima :
_bAntares,
_c1985
300 _a63p
650 1 4 _aPOESIA PERUANA
942 _2ddc
_cBK
999 _c23981
_d23981